[Event "Oberliga NRW 0203 I"]
[Site "Germany"]
[Date "2002.11.10"]
[Round "2.8"]
[White "Rettenbacher, Stefan"]
[Black "Biessner, Eberhard"]
[Result "1-0"]
[WhiteElo "2088"]
[BlackElo "1797"]
[PlyCount "137"]
[EventDate "2002.10.06"]
[EventType "team-tourn"]
[EventRounds "9"]
[EventCountry "GER"]
[SourceTitle "EXT 2004"]
[Source "ChessBase"]
[SourceDate "2003.11.25"]
[SourceVersion "1"]
[SourceVersionDate "2003.11.25"]
[SourceQuality "1"]
[WhiteTeam "Krefeld"]
[BlackTeam "Duesseldorf"]
[WhiteTeamCountry "GER"]
[BlackTeamCountry "GER"]

1. d4 g6 2. e4 Bg7 3. Bc4 c6 4. Ne2 d6 5. c3 Nf6 6. f3 Nbd7 7. 0-0 e5 8. Bb3 0-0 9. dxe5 dxe5 10. Be3 Qe7 11. a4 Nc5 12. Bc4 Be6 13. Na3 Rfd8 14. Qc2 Bxc4 15. Nxc4 b5 16. axb5 cxb5 17. Na3 a6 18. Rfd1 Ne6 19. Rxd8+ Rxd8 20. Nb1 Rd6 21. Nd2 Nd7 22. b4 Rc6 23. Qb1 Bf6 24. g3 Ng5 25. Qb3 Qe6 26. Qxe6 Nxe6 27. Kf2 Bd8 28. Nb3 Rd6 29. Ra2 Kf8 30. f4 f6 31. Nec1 Ke7 32. Ke2 Rc6 33. Rc2 Bb6 34. Nd3 Bxe3 35. Kxe3 Nb6 36. Na5 exf4+ 37. gxf4 Rc8 38. Nc1 Nd8 39. Ne2 Nc6 40. Nxc6+ Rxc6 41. Nd4 Rc8 42. Kd3 h6 43. h4 Kf7 44. Rc1 Na4 45. Rc2 Rc7 46. Rc1 Rc8 47. e5 fxe5 48. fxe5 Ke7 49. Ne2 g5 50. hxg5 hxg5 51. Rg1 Rg8 52. Ke4 Ke6 53. Nf4+ Kd7 54. Nd5 Rg7 55. c4 Kc6 56. cxb5+ Kxb5 57. Rc1 Rg8 58. e6 Nb2 59. Kd4 Rh8 60. Rc5+ Ka4 61. e7 Re8 62. Ra5+ Kb3 63. Rxa6 Nc4 64. Re6 Nd2 65. b5 g4 66. b6 g3 67. Re3+ Ka4 68. Rxg3 Kb5 69. Nc7+ 1-0

[Event "Oberliga NRW 0102 I"]
[Site "Germany"]
[Date "2002.04.07"]
[Round "8.6"]
[White "Grobe, Detlef"]
[Black "Rettenbacher, Stefan"]
[Result "1/2-1/2"]
[WhiteElo "2029"]
[BlackElo "2098"]
[PlyCount "47"]
[EventDate "2001.10.??"]
[EventType "team-tourn"]
[EventRounds "9"]
[EventCountry "GER"]
[SourceTitle "EXT 2004"]
[Source "ChessBase"]
[SourceDate "2003.11.25"]
[SourceVersion "1"]
[SourceVersionDate "2003.11.25"]
[SourceQuality "1"]
[WhiteTeam "Herford"]
[BlackTeam "Krefeld"]
[WhiteTeamCountry "GER"]
[BlackTeamCountry "GER"]

1. d4 Nf6 2. Nf3 c5 3. c4 g6 4. Nc3 cxd4 5. Nxd4 d6 6. e4 Bg7 7. Be2 Nc6 8. Be3 Nxd4 9. Bxd4 0-0 10. 0-0 b6 11. Rc1 Bb7 12. f3 Rc8 13. Qd2 Nd7 14. Bxg7 Kxg7 15. Qd4+ Kg8 16. Rfd1 Re8 17. Nd5 Nc5 18. Qd2 Bc6 19. Bf1 Nb7 20. Qg5 Kg7 21. Qe3 e6 22. Qd4+ e5 23. Qd2 Bd7 24. Rc3 1/2-1/2

[Event "Oberliga NRW 0001 I"]
[Site "NRW"]
[Date "2001.04.22"]
[Round "8.5"]
[White "Rettenbacher, Stefan"]
[Black "Engels, Natia"]
[Result "1/2-1/2"]
[WhiteElo "2102"]
[BlackElo "2130"]
[PlyCount "98"]
[EventDate "2000.09.24"]
[EventType "team-tourn"]
[EventRounds "9"]
[EventCountry "GER"]
[SourceTitle "EXT 2006"]
[Source "ChessBase"]
[SourceDate "2005.11.24"]
[SourceVersion "1"]
[SourceVersionDate "2005.11.24"]
[SourceQuality "1"]
[WhiteTeam "Koeln SF II"]
[BlackTeam "Muenster II"]
[WhiteTeamCountry "GER"]
[BlackTeamCountry "GER"]

1. d4 Nf6 2. Nf3 c5 3. c4 cxd4 4. Nxd4 Nc6 5. Nc3 Qb6 6. Nb3 e6 7. e3 d6 8. Be2 Be7 9. 0-0 0-0 10. e4 Rd8 11. Be3 Qc7 12. Qd2 b6 13. Rac1 Bb7 14. f3 Ne5 15. Rfd1 Rac8 16. Nd4 Qb8 17. b3 Ng6 18. Bd3 d5 19. exd5 exd5 20. Bf5 Rc5 21. cxd5 Nxd5 22. Nxd5 Rcxd5 23. Be4 R5d7 24. Bf5 Rd5 25. Be4 Rh5 26. Bxb7 Qxb7 27. Qc2 Rhd5 28. Nf5 Ba3 29. Rxd5 Qxd5 30. Re1 Bb4 31. Re2 Re8 32. Kf1 Qe5 33. Bd4 Qxe2+ 34. Qxe2 Rxe2 35. Kxe2 Nf4+ 36. Kf1 f6 37. Ne3 Kf7 38. g3 Nd3 39. Nc2 Bd6 40. Bc3 Nc1 41. Bd2 Nxa2 42. Ke2 a5 43. Kd3 h5 44. Kc4 h4 45. gxh4 Bxh2 46. Be3 Bc7 47. h5 g6 48. hxg6+ Kxg6 49. Nd4 Bd6 1/2-1/2

[Event "Oberliga NRW 0001 I"]
[Site "NRW"]
[Date "2001.02.04"]
[Round "6.5"]
[White "Rettenbacher, Stefan"]
[Black "Wagner, Alexej"]
[Result "0-1"]
[WhiteElo "2102"]
[BlackElo "2239"]
[PlyCount "62"]
[EventDate "2000.09.24"]
[EventType "team-tourn"]
[EventRounds "9"]
[EventCountry "GER"]
[SourceTitle "EXT 2006"]
[Source "ChessBase"]
[SourceDate "2005.11.24"]
[SourceVersion "1"]
[SourceVersionDate "2005.11.24"]
[SourceQuality "1"]
[WhiteTeam "Koeln SF II"]
[BlackTeam "Lippstadt Turm"]
[WhiteTeamCountry "GER"]
[BlackTeamCountry "GER"]

1. d4 Nf6 2. c4 g6 3. Nc3 d5 4. Nf3 Bg7 5. e3 0-0 6. Be2 dxc4 7. Bxc4 c5 8. 0-0 cxd4 9. Qxd4 Nc6 10. Qh4 Qb6 11. h3 Qc5 12. Bd2 Ne5 13. Nxe5 Qxe5 14. Rad1 Bd7 15. e4 b5 16. Bb3 Rad8 17. Bf4 Qc5 18. Be3 Qc7 19. Rc1 Qb8 20. Bf4 Qb6 21. e5 b4 22. exf6 Bxf6 23. Qg3 bxc3 24. Bc7 Qb7 25. Bxd8 cxb2 26. Rc7 Qb5 27. a4 Qxf1+ 28. Kxf1 b1Q+ 29. Ke2 Rxd8 30. Bc2 Qb2 31. Ke1 Be5 0-1

[Event "Bad Wildbad op"]
[Site "Bad Wildbad"]
[Date "2000.04.03"]
[Round "4"]
[White "Rettenbacher, Stefan"]
[Black "Boidman, Yuri"]
[Result "0-1"]
[WhiteElo "2071"]
[BlackElo "2422"]
[PlyCount "104"]
[EventDate "2000.04.01"]
[EventType "swiss"]
[EventRounds "9"]
[EventCountry "GER"]
[SourceTitle "EXT 2001"]
[Source "ChessBase"]
[SourceDate "2000.11.22"]
[SourceVersion "1"]
[SourceVersionDate "2000.11.22"]
[SourceQuality "1"]

1. d4 d5 2. c4 c6 3. cxd5 cxd5 4. Nc3 Nf6 5. Nf3 Nc6 6. Bg5 Ne4 7. Bh4 Qb6 8. Qb3 e6 9. Qxb6 axb6 10. Nb5 Ra5 11. e3 Bb4+ 12. Kd1 Bd7 13. a3 Be7 14. Bg3 0-0 15. Rc1 f5 16. Nd2 f4 17. exf4 Bf6 18. b4 Ra4 19. Nxe4 dxe4 20. Bc4 Nxd4 21. Nxd4 Bxd4 22. Ke2 b5 23. Rhd1 bxc4 24. Rxd4 Bc6 25. f5 exf5 26. Bd6 Rfa8 27. b5 Bxb5 28. Rd5 Bd7 29. Ke3 Be6 30. Rb5 Rd8 31. Bb4 Rd7 32. Kf4 Ra8 33. h4 Kf7 34. Rc3 g6 35. Rg3 h6 36. Rb6 Ra6 37. Rb5 Rc6 38. Bc3 Rcd6 39. Bb4 Rd3 40. Re3 Rb3 41. Rc3 Kf6 42. Rxb3 g5+ 43. hxg5+ hxg5+ 44. Ke3 cxb3 45. Bc3+ Kg6 46. Bd4 Bd5 47. Rb6+ Kh5 48. f4 exf3 49. gxf3 f4+ 50. Kf2 Bxf3 51. Kxf3 Rxd4 52. Rxb3 g4+ 0-1

[Event "Cologne-ch 48th"]
[Site "Cologne"]
[Date "1999.??.??"]
[Round "2"]
[White "Rettenbacher, Stefan"]
[Black "Hess, Christian"]
[Result "1-0"]
[WhiteElo "2070"]
[BlackElo "1930"]
[PlyCount "105"]
[EventDate "1999.??.??"]
[EventType "swiss"]
[EventRounds "9"]
[EventCountry "GER"]
[SourceTitle "EXT 2003"]
[Source "ChessBase"]
[SourceDate "2002.11.25"]
[SourceVersion "1"]
[SourceVersionDate "2002.11.25"]
[SourceQuality "1"]

1. d4 Nf6 2. c4 g6 3. Nc3 d5 4. e3 Bg7 5. Nf3 c5 6. dxc5 Qa5 7. Bd2 Qxc5 8. b4 Qd6 9. Rc1 Nc6 10. cxd5 Nxd5 11. Nxd5 Qxd5 12. Bc4 Qd6 13. b5 Ne5 14. Nxe5 Bxe5 15. f4 Bf6 16. Qb3 0-0 17. Bb4 Qb6 18. 0-0 Bf5 19. Bc5 Qa5 20. Bb4 Qb6 21. Bc5 Qa5 22. a4 Qd2 23. Ba3 Be4 24. Rf2 Qd7 25. Bb4 Qf5 26. Rd2 Bh4 27. Be2 Rfc8 28. Bc4 e6 29. Rcd1 Rd8 30. Rxd8+ Rxd8 31. Rxd8+ Bxd8 32. Qd1 Bd5 33. Bd3 Qf6 34. Qc1 Bb6 35. a5 Qxf4 36. axb6 Qxb4 37. bxa7 b6 38. Qc8+ Qf8 39. Qxf8+ Kxf8 40. Be2 e5 41. e4 Bb7 42. Kf2 Ke7 43. Ke3 f5 44. g3 fxe4 45. Bd1 Kd6 46. Bc2 Kc7 47. Bxe4 Bxe4 48. Kxe4 Kb7 49. Kxe5 Kxa7 50. Kd6 Kb7 51. Kd7 Kb8 52. Kc6 Ka7 53. Kc7 1-0